000 00804nam a2200277 i 4500
003 DO-SdBNP
005 20240711095336.0
007 ta
008 901120s1989 ck 000 e spa
040 _aDO-SdBNP
_bspa
_cBNPHU
_erda
082 4 _222
100 _aRotterdam, Erasmo de,
_986039
_eautor
245 1 0 _aElogio de la locura /
_cErasmo De Rotterdam
264 _aColombia :
_bPanamericana,
_c1989.
300 _a224 páginas ;
_c16 cm.
336 _2rdacontent
_atexto
_btxt
337 _2rdamedia
_asin mediación
_bn
338 _2rdacarrier
_avolumen
_bnc
590 _aInventariado, 2024/BT
600 1 4 _aDesiderius, Erasmus,
_d1467-1596
_93146
650 4 _aLiteratura latina
_93147
650 4 _aLiteratura clásica
_93148
700 _93149
910 _aBtavárez
942 _2ddc
_cLBS1
999 _c57253
_d57253